|
|
|
|
| LEADER |
00000naa2a2200000 4500 |
| 001 |
631280 |
| 005 |
20231225142248.0 |
| 035 |
|
|
|a (RuTPU)RU\TPU\conf\32981
|
| 035 |
|
|
|a RU\TPU\conf\32979
|
| 090 |
|
|
|a 631280
|
| 100 |
|
|
|a 20200818d2019 k y0rusy50 ca
|
| 101 |
0 |
|
|a rus
|
| 102 |
|
|
|a RU
|
| 105 |
|
|
|a y z 101zy
|
| 135 |
|
|
|a drcn ---uucaa
|
| 181 |
|
0 |
|a i
|
| 182 |
|
0 |
|a b
|
| 200 |
1 |
|
|a Метод кейсов в теории решения изобретательских задач (ТРИЗ)
|f О. Б. Шамина
|
| 203 |
|
|
|a Текст
|c электронный
|
| 300 |
|
|
|a Заглавие с экрана
|
| 463 |
|
1 |
|0 (RuTPU)RU\TPU\conf\32976
|t Метод инженерных кейсов: достижения и вызовы будущего
|o сборник тезисов по итогам научно-образовательнойконференции,Томск, 26–27 ноября 2019 г.
|f Национальный исследовательский Томский политехнический университет (ТПУ)
|v [С. 100-104]
|d 2019
|
| 610 |
1 |
|
|a электронный ресурс
|
| 610 |
1 |
|
|a труды учёных ТПУ
|
| 610 |
1 |
|
|a метод кейсов
|
| 610 |
1 |
|
|a теория решений
|
| 610 |
1 |
|
|a изобретательские задачи
|
| 610 |
1 |
|
|a ТРИЗ
|
| 610 |
1 |
|
|a творческое мышление
|
| 610 |
1 |
|
|a компетенции
|
| 610 |
1 |
|
|a инновационные процессы
|
| 700 |
|
1 |
|a Шамина
|b О. Б.
|c специалист в области машиностроения
|c доцент Томского политехнического университета, кандидат технических наук
|c заместитель директора Издательства Томского политехнического университета
|f 1955-
|g Ольга Борисовна
|3 (RuTPU)RU\TPU\pers\27844
|9 12879
|
| 712 |
0 |
2 |
|a Национальный исследовательский Томский политехнический университет
|b Школа инженерного предпринимательства
|c (2017- )
|3 (RuTPU)RU\TPU\col\23544
|
| 801 |
|
2 |
|a RU
|b 63413507
|c 20200819
|g RCR
|
| 856 |
4 |
|
|u http://earchive.tpu.ru/handle/11683/62446
|
| 942 |
|
|
|c BK
|